| 000 | 00692pam a2200205 a 4500 | ||
|---|---|---|---|
| 020 | _a0140445706 : | ||
| 040 | _cDLC | ||
| 082 | 0 | 0 | _a812 PEN 1993 A093 Or. |
| 245 | 0 | 0 |
_aTelling tales : _bnew one-act plays / |
| 260 |
_aNew York, N.Y., U.S.A. : _bPenguin Books, _c1993. |
||
| 300 |
_axii, 417 p. ; _c21 cm. |
||
| 500 | _aIncludes index. | ||
| 650 | 0 | _aOne-act plays, American. | |
| 650 | 0 | _aOne-act plays, English. | |
| 700 | 1 | _aLane, Eric. | |
| 856 | 4 | 2 | _uhttp://www.loc.gov/catdir/enhancements/fy1510/92023876-b.html |
| 856 | 4 | 1 | _uhttp://www.loc.gov/catdir/enhancements/fy1510/92023876-t.html |
| 856 | 4 | 2 | _uhttps://www.loc.gov/catdir/enhancements/fy1609/92023876-d.html |
| 942 | _cEK | ||
| 999 |
_c13389 _d13389 |
||